Statistics for Groups of Five #1

Click here to take the quiz!

General Stats

  • This quiz has been taken 225,397 times
    (58,351 since last reset)
  • The average score is 31 of 60

Answer Stats

GroupAnswer% Correct
First five numbers in SpanishUno
94%
First five numbers in SpanishTres
91%
First five numbers in SpanishDos
90%
First five numbers in SpanishCuatro
86%
Largest Caribbean islandsCuba
86%
Largest Caribbean islandsJamaica
82%
First five numbers in SpanishCinco
80%
Great apesGorillas
76%
Stages of griefAcceptance
72%
First five books of the BibleGenesis
72%
Stages of griefDenial
70%
Largest metro areas of South AmericaRio de Janeiro
70%
Stages of griefAnger
69%
Original members of One DirectionHarry Styles
69%
Great apesChimpanzees
68%
Great apesOrangutans
67%
Spice GirlsPosh
66%
Caspian Sea countriesRussia
66%
Largest metro areas of South AmericaBuenos Aires
61%
Spice GirlsSporty
59%
Caspian Sea countriesKazakhstan
57%
Caspian Sea countriesAzerbaijan
56%
Original members of One DirectionZayn Malik
56%
Largest metro areas of South AmericaSão Paulo
55%
Caspian Sea countriesTurkmenistan
55%
First five books of the BibleExodus
54%
Spice GirlsGinger
54%
Caspian Sea countriesIran
54%
Spice GirlsScary
54%
Largest Caribbean islandsTrinidad
54%
Basketball positionsCenter
53%
Spice GirlsBaby
52%
Largest metro areas of South AmericaLima
52%
World capitals with one syllableRome
51%
Largest metro areas of South AmericaBogotá
50%
Largest Caribbean islandsHispaniola
50%
Basketball positionsPoint Guard
47%
Original members of One DirectionLiam Payne
45%
Original members of One DirectionNiall Horan
44%
Stages of griefDepression
43%
Largest Caribbean islandsPuerto Rico
40%
Stages of griefBargaining
39%
First five books of the BibleLeviticus
39%
Original members of One DirectionLouis Tomlinson
38%
World capitals with one syllableBern
37%
First five books of the BibleNumbers
37%
First five books of the BibleDeuteronomy
35%
Great apesHumans
33%
Pillars of IslamPilgrimage to Mecca
32%
Basketball positionsShooting Guard
31%
Great apesBonobos
30%
Basketball positionsPower Forward
30%
Pillars of IslamWorship
30%
World capitals with one syllableSeoul
28%
Basketball positionsSmall Forward
27%
Pillars of IslamCharitable giving
26%
Pillars of IslamFasting during Ramadan
23%
World capitals with one syllableMinsk
21%
World capitals with one syllablePrague
20%
Pillars of IslamBelief
18%

Score Distribution

Percentile by Number Answered

Percent of People with Each Score

Your Score History

You have not taken this quiz since the last reset